000
00232nam a22000857a 4500
008
161212b xxu||||| |||| 00| 0 eng d
100
_9
1994
_a
CBSE
245
_a
F.A. Foundation of Information Technology-IX
260
_a
New Delhi
_b
CBSE
_c
2010
999
_c
4829
_d
4829